000 01178nam0a22002651i 4500
001 rc\3397566
005 20240726084957.0
021 _aRU
_b[74-10111а]
035 _a(NLR Aleph) 007541270
090 _a9761662
_c9761662
100 _a20130115d1974 |||y0rusy50 ca
101 0 _arus
102 _aRU
105 _ay d |||||
200 1 _aСтерилизация аллогенной костной ткани раствором эфирана-969
_e(Эксперим. исследование)
_eАвтореф. дис. на соиск. учен. степени канд. мед. наук
_e(14.00.22)
_fАзерб. гос. мед. ин-т им. Н. Нариманова
210 _aБаку
_d1974
215 _a23 с.
320 _aСписок работ авт.: с. 22-23 (7 назв.)
606 _aКостная пластика
_xКонсервированным трансплантатом
_2psbo
606 _aЭфираны
_xПрименение
_xВ хирургии
_2psbo
700 1 _aАхундова
_bР.С. кызы
_gРафига Садых кызы
801 0 _aRU
_bNLR
_gpsbo
801 1 _aRU
_bELAR
_2rusmarc
852 _aNLR
_j74-4/12833
942 _cBOOK